Normal view
MARC view
Entry Personal Name
001 - CONTROL NUMBER
- control field: 14732
003 - CONTROL NUMBER IDENTIFIER
- control field: ARRUPE
005 - DATE AND TIME OF LATEST TRANSACTION
- control field: 20150129135552.0
008 - FIXED-LENGTH DATA ELEMENTS
- fixed length control field: 150129|| aca||aabn | a|a d
040 ## - CATALOGING SOURCE
- Original cataloging agency: ARRUPE
- Transcribing agency: ARRUPE
100 ## - HEADING--PERSONAL NAME
- Personal name: Marx, Karl,
- Dates associated with a name: 1818-1883.
670 ## - SOURCE DATA FOUND
- Source citation: Work cat.: (ARRUPE)0: Croce, Benedetto, 1866-1952. 14731, Historical materialism and the economics of Karl Marx,, [n.d.]